THE PICTURE OF DORIAN GRAY (Record no. 12114)
[ view plain ]
| 000 -LEADER | |
|---|---|
| fixed length control field | 00269nam a22000977a 4500 |
| 008 - FIXED-LENGTH DATA ELEMENTS--GENERAL INFORMATION | |
| fixed length control field | 221031b |||||||| |||| 00| 0 eng d |
| 020 ## - INTERNATIONAL STANDARD BOOK NUMBER | |
| International Standard Book Number | 9788175993082 |
| 100 ## - MAIN ENTRY--PERSONAL NAME | |
| Personal name | WILDE OSCAR |
| 9 (RLIN) | 7606 |
| 245 ## - TITLE STATEMENT | |
| Title | THE PICTURE OF DORIAN GRAY |
| 260 ## - PUBLICATION, DISTRIBUTION, ETC. (IMPRINT) | |
| Place of publication, distribution, etc. | NEW DELHI |
| Name of publisher, distributor, etc. | FINGERPRINT CLASSICS |
| Date of publication, distribution, etc. | 2022 |
| Withdrawn status | Lost status | Source of classification or shelving scheme | Damaged status | Koha normalized classification for sorting | Not for loan | Home library | Current library | Shelving location | Date acquired | Total Checkouts | Full call number | Barcode | Checked out | Date last seen | Date last checked out | Price effective from | Koha item type |
|---|---|---|---|---|---|---|---|---|---|---|---|---|---|---|---|---|---|
| Dewey Decimal Classification | WIL_823_000000000000000 | Good Samaritan School Library | Good Samaritan School Library | FICTION | 10/31/2022 | 2 | WIL823 | WIL17369 | 11/21/2025 | 11/14/2025 | 11/14/2025 | 10/31/2022 | BOOK |